Lord of the Rings: Places - Statistics

General Stats
  • This quiz has been taken 291 times
    287 since last reset
  • The average score is 12 of 15
Answer Stats
Hint Answer % Correct
where frodo gets pierced by a cave troll moria
93%
Place where Frodo lives shire
93%
where the fellowship was formed rivendell
91%
where saruman conjured his army isengard
90%
where the one ring was made and destroyed mount doom
90%
Final battle in Gondor, White City minas tirith
89%
where the prancing pony is found bree
88%
galadriel is ruler of where lorien/lothlorien
87%
mountain stronghold of rohan. helms deep
81%
kingdom of the dwarves erebor
78%
where the "Lord of the Rings" series was made new zealand
77%
place where bard lives/gets destroyed by smaug lake town
69%
city right by the answer from above dale
68%
home of the ents fangorn forest
66%
where frodo falls into the water dead marshes
62%
No matching quizzes found
Score Distribution
Percent of People with Each Score
Percentile by Number Answered
Your Score History
You have not taken this quiz since the last reset